Central Library OPAC University of Rajshahi

Monetary theory and policy : (Record no. 58535)

MARC details
000 -LEADER
fixed length control field 00768nam a2200241 a 4500
001 - CONTROL NUMBER
control field 58535
003 - CONTROL NUMBER IDENTIFIER
rucl marc code BD-RJUL
005 - DATE AND TIME OF LATEST TRANSACTION
control field 20211209080631.0
008 - FIXED-LENGTH DATA ELEMENTS--GENERAL INFORMATION
fixed length control field 161219s1966 nyua b 000 0 eng
035 ## - SYSTEM CONTROL NUMBER
System control number (BD-RjUL)58659
040 ## - CATALOGING SOURCE
Original cataloging agency DLC
Transcribing agency DLC
Modifying agency DLC
Language of cataloging eng
041 ## - LANGUAGE CODE
Language code of text/sound track or separate title eng
082 00 - DEWEY DECIMAL CLASSIFICATION NUMBER
Classification number 332.4
Edition number 23
Author mark and year THM 1969
100 10 - MAIN ENTRY--PERSONAL NAME
Personal name Thorn, Richard S.
Miscellaneous information ed.
9 (RLIN) 173893
245 10 - TITLE STATEMENT
Title Monetary theory and policy :
Remainder of title major contributions to contemporary thought /
Statement of responsibility, etc. edited with introductions by Richard S. Thorn.
260 0# - PUBLICATION, DISTRIBUTION, ETC. (IMPRINT)
Place of publication, distribution, etc. New York :
Name of publisher, distributor, etc. Random House,
Date of publication, distribution, etc. 1966 [reprint 1969]
300 ## - PHYSICAL DESCRIPTION
Pagination xi, 672 p. :
Illustrations ill. ;
Size 25 cm.
504 ## - BIBLIOGRAPHY, ETC. NOTE
Bibliography, etc Includes bibliographies.
650 #0 - SUBJECT ADDED ENTRY--TOPICAL TERM
Topical term or geographic name as entry element Money.
9 (RLIN) 173782
Topical term or geographic name as entry element Monetary policy.
9 (RLIN) 173783
942 ## - ADDED ENTRY ELEMENTS (KOHA)
Source of classification or shelving scheme Dewey Decimal Classification
Koha item type Books
Holdings
Lost status Source of classification or shelving scheme Damaged status Not for loan Collection code Permanent Location Current Location Shelving location Date acquired Source of acquisition Total Checkouts Full call number Date last seen Copy number Koha item type
  Dewey Decimal Classification   Not For Loan Non-fiction Central Library, University of Rajshahi Central Library, University of Rajshahi Reading Room 26/09/1970 Zeitlinger   332.4 THM 1969 19/12/2016 C-1 Books